Normal view
MARC view
- Structural frames
Entry Topical Term
001 - CONTROL NUMBER
- control field: 42972
003 - CONTROL NUMBER IDENTIFIER
- control field: NUST
005 - DATE AND TIME OF LATEST TRANSACTION
- control field: 20210314132500.0
008 - FIXED-LENGTH DATA ELEMENTS
- fixed length control field: 210314|| aca||aabn | a|a d
040 ## - CATALOGING SOURCE
- Original cataloging agency: NUST
- Transcribing agency: NUST
150 ## - HEADING--TOPICAL TERM
- Topical term or geographic name entry element: Structural frames
- General subdivision: Problems, exercises, etc
670 ## - SOURCE DATA FOUND
- Source citation: Work cat.: (NUST): Bell, Brian Joseph. 42971, Advanced theory of structures [frame analysis] /, 1974.
